Post harvest technology of horticultural crops / (Record no. 13255)
[ view plain ]
| 000 -LEADER | |
|---|---|
| fixed length control field | 00436cam a2200157ua 4500 |
| 020 ## - INTERNATIONAL STANDARD BOOK NUMBER | |
| ISBN | 9788189422431 |
| 082 ## - DEWEY DECIMAL CLASSIFICATION NUMBER | |
| Classification number | 635 |
| Item number | PET/PO |
| 100 ## - MAIN ENTRY--AUTHOR NAME | |
| Personal name | Peter, K V. |
| 245 00 - TITLE STATEMENT | |
| Title | Post harvest technology of horticultural crops / |
| 260 ## - PUBLICATION, DISTRIBUTION, ETC. (IMPRINT) | |
| Place of publication | New Delhi : |
| Name of publisher | New India Publishing Agency , |
| Year of publication | 2007. |
| 300 ## - PHYSICAL DESCRIPTION | |
| Number of Pages | 291 ; |
| Accompanying material | CD. |
| 490 0# - SERIES STATEMENT | |
| Series statement | Horticultural Science Series No. 7, |
| 700 1# - ADDED ENTRY--PERSONAL NAME | |
| Personal name | Indira, V . |
| 700 1# - ADDED ENTRY--PERSONAL NAME | |
| Personal name | Sudheer, K.P . |
| 942 ## - ADDED ENTRY ELEMENTS (KOHA) | |
| Koha item type | Books |
| Withdrawn status | Lost status | Damaged status | Home library | Current library | Date acquired | Full call number | Accession Number | Koha item type | Collection code | Shelving location | Source of acquisition | Cost, normal purchase price |
|---|---|---|---|---|---|---|---|---|---|---|---|---|
| KAUAET | KAUAET | 07/04/2012 | 635 | 21805 | Books | |||||||
| KAUAET | KAUAET | 31/03/2012 | 635 PET/PO | 23019 | Books | Non-fiction | General Stacks | International Books & Periodicals Supply Service, Delhi | 1910.00 | |||
| KAUAET | KAUAET | 31/03/2012 | 635 PET/PO | 23020 | Books | Non-fiction | General Stacks | International Books & Periodicals Supply Service, Delhi | 1910.00 | |||
| KAUAET | KAUAET | 31/03/2012 | 635 PET/PO | 23021 | Books | Non-fiction | General Stacks | International Books & Periodicals Supply Service, Delhi | 1910.00 | |||
| KAUAET | KAUAET | 31/03/2012 | 635 PET/PO | 23022 | Books | Non-fiction | General Stacks | International Books & Periodicals Supply Service, Delhi | 1910.00 | |||
| KAUAET | KAUAET | 31/03/2012 | 635 PET/PO | 23023 | Books | Non-fiction | General Stacks | International Books & Periodicals Supply Service, Delhi | 1910.00 | |||
| KAUAET | KAUAET | 30/03/2013 | 635 PET/PO | 23914 | Books | Non-fiction | General Stacks | Neoti Book Agency | 1910.00 | |||
| KAUAET | KAUAET | 30/03/2013 | 635 PET/PO | 23989 | Books | Non-fiction | General Stacks | Cosmo Books ,Thrissur | 1910.00 | |||
| KAUAET | KAUAET | 30/03/2013 | 635 PET/PO | 23990 | Books | Non-fiction | General Stacks | Cosmo Books ,Thrissur | 1910.00 | |||
| KAUAET | KAUAET | 30/03/2013 | 635 PET/PO | 23991 | Books | Non-fiction | General Stacks | Cosmo Books ,Thrissur | 1910.00 | |||
| KAUAET | KAUAET | 30/03/2013 | 635 PET/PO | 23992 | Books | Non-fiction | General Stacks | Cosmo Books ,Thrissur | 1910.00 | |||
| KAUAET | KAUAET | 30/03/2017 | 635 PET/PO | 25345 | Books | General Stacks | Vigyan Books, Delhi | 3250.00 | ||||
| KAUAET | KAUAET | 30/03/2017 | 635 PET/PO | 25346 | Books | General Stacks | Vigyan Books, Delhi | 3250.00 | ||||
| KAUAET | KAUAET | 30/03/2017 | 635 PET/PO | 25347 | Books | General Stacks | Vigyan Books, Delhi | 3250.00 |
